000 00787nam a2200277Ia 4500
001 Para_7558
003 CHAP
008 220125s1970 xx 000 0 und d
010 _a205914
040 _cCHAP
082 _aPA 632 E75
245 _aEpidemic of plant diseases :
_b mathematical analisys and modeling /
_c ed. by Jurgen Kranz
260 _aNew York :
_b Springer-Verlag
300 _a170 p.
440 _aEcologial studies ; 13
_9172036
650 _aEpidemiología
_x modelos matemáticos
_937217
650 _aFitopatología
_941161
700 _aKranz, Jürgen
_963867
901 _aPA 632 E75
902 _aA
905 _a0000001970 a 0000000000 00
910 _a1970
942 _cPARA
942 _cPARA
_d1
999 _c205914
_d205914